| 000 | 01914nam a2200289Ia 4500 | ||
|---|---|---|---|
| 999 |
_c53824 _d53824 |
||
| 001 | 20875 | ||
| 003 | GE_BSU | ||
| 005 | 20210601163553.0 | ||
| 008 | 181216s2010||||ge |||||||||||||| ||geo|| | ||
| 040 | _cGE_BSU | ||
| 041 | _ageo | ||
| 080 | _a349.6(479.22)(094.4) ე-49 | ||
| 245 |
_aეკოლოგიური სამართალი : ნორმატიული აქტების კრებული : _bცვლილებებითა და დამატებებით 2010 წლის 10 ნოემბრამდე. |
||
| 264 |
_aთბილისი : _bბონა კაუზა, _c2010 |
||
| 300 |
_a224 გვ. ; _c20 სმ. |
||
| 490 | _aიურისტის ბიბლიოთეკა | ||
| 541 | _h12ლ. | ||
| 653 | _aსამართალი | ||
| 653 | _aსაქართველოს ეკოლოგიური სამართალი | ||
| 653 | _aსაქართველოს კანონი გარემოს დაცვის ინსპექციის შესახებ | ||
| 653 | _a საქართველოს კანონი დაცული ტერიტორიების სისტემის შესახებ | ||
| 653 | _a საქართველოს კანონი ატმოსფერული ჰაერის დაცვის შესახებ | ||
| 653 | _aსაქართველოს კანონი გარემოს დაცვის შესახებ | ||
| 653 | _a საქართველოს კანონი გარემოზე ზემოქმედების ნებართვის შესახებ | ||
| 653 | _a საქართველოს კანონი ეკოლოგიური ექსპერტიზის შესახებ | ||
| 942 |
_cBK _2udc |
||